PSG Players 2024 - Statistics

General Stats
  • This quiz has been taken 208 times
  • The average score is 14 of 21
Answer Stats
Hint Answer % Correct
GK Donnarumma
93%
FW Dembélé
89%
FW Mbappé
89%
CB Marquinhos
87%
RB Hakimi
85%
FW Barcola
80%
CM Vitinha
80%
LB Mendes
75%
FW Ramos
68%
CM Ruiz
68%
LB Hernandez
66%
CM Zaire-Emery
66%
FW Kolo Muani
64%
CB Škriniar
55%
CB Beraldo
52%
CM Soler
49%
FW Asensio
45%
CM Kang-in
44%
RB Mukiele
43%
CM Ugarte
39%
CM Pereira
31%
No matching quizzes found
Score Distribution
Percent of People with Each Score
Percentile by Number Answered
Your Score History
You have not taken this quiz